Load and resistance factor design of steel structures / (Record no. 550621)
[ view plain ]
| 000 -LEADER | |
|---|---|
| fixed length control field | 00726pam a2200205 a 4500 |
| 020 ## - INTERNATIONAL STANDARD BOOK NUMBER | |
| International Standard Book Number | 0135391563 |
| 082 00 - DEWEY DECIMAL CLASSIFICATION NUMBER | |
| Classification number | 624.1821 |
| Author Mark | MAN |
| -- | L-39, P-171 |
| 100 1# - MAIN ENTRY--PERSONAL NAME | |
| Personal name | Geschwindner, Louis F., |
| 9 (RLIN) | 47344 |
| 245 10 - TITLE STATEMENT | |
| Title | Load and resistance factor design of steel structures / |
| Statement of responsibility, etc. | Louis F. Geschwindner, Robert O. Disque, Reidar Bjorhovde. |
| 260 ## - PUBLICATION, DISTRIBUTION, ETC. | |
| Place of publication, distribution, etc. | Englewood Cliffs, N.J. : |
| Name of publisher, distributor, etc. | Prentice Hall, |
| Date of publication, distribution, etc. | c1994. |
| 300 ## - PHYSICAL DESCRIPTION | |
| Extent | xviii, 456 p. : |
| Other physical details | ill. ; |
| Dimensions | 24 cm. |
| 526 ## - STUDY PROGRAM INFORMATION NOTE | |
| Program name | 0 |
| Interest level | 0 |
| Reading level | 0 |
| Title point value | 624_182100000000000_MAN |
| 526 ## - STUDY PROGRAM INFORMATION NOTE | |
| Program name | 0 |
| Interest level | 0 |
| Reading level | 0 |
| Title point value | 624_182100000000000_MAN |
| 650 #0 - SUBJECT ADDED ENTRY--TOPICAL TERM | |
| Topical term or geographic name entry element | Building, Iron and steel. |
| 650 #0 - SUBJECT ADDED ENTRY--TOPICAL TERM | |
| Topical term or geographic name entry element | MCE |
| 9 (RLIN) | 379 |
| 650 #0 - SUBJECT ADDED ENTRY--TOPICAL TERM | |
| Topical term or geographic name entry element | Structural design. |
| 700 1# - ADDED ENTRY--PERSONAL NAME | |
| Personal name | Bjorhovde, Reidar. |
| 9 (RLIN) | 47345 |
| 700 1# - ADDED ENTRY--PERSONAL NAME | |
| Personal name | Disque, Robert O. |
| 9 (RLIN) | 47346 |
| 942 ## - ADDED ENTRY ELEMENTS (KOHA) | |
| Source of classification or shelving scheme | |
| Koha item type | Book |
| Withdrawn status | Lost status | Source of classification or shelving scheme | Damaged status | Not for loan | Permanent Location | Current Location | Date acquired | Total Checkouts | Full call number | Barcode | Date last seen | Price effective from | Koha item type | Public note |
|---|---|---|---|---|---|---|---|---|---|---|---|---|---|---|
| Military College of Engineering (MCE) | Military College of Engineering (MCE) | 11/17/2014 | 624.1821 MAN | MCE-42869 | 11/17/2014 | 03/14/2021 | Book | V-1 | ||||||
| Military College of Engineering (MCE) | Military College of Engineering (MCE) | 11/17/2014 | 624.1821 MAN | MCE-42870 | 11/17/2014 | 03/14/2021 | Book | V-2 |
